Research Methodology/ (Record no. 34504)

MARC details
000 -LEADER
fixed length control field 00437nam a2200157Ia 4500
008 - FIXED-LENGTH DATA ELEMENTS--GENERAL INFORMATION
fixed length control field 231019s9999 xx 000 0 und d
082 ## - DEWEY DECIMAL CLASSIFICATION NUMBER
Classification number 001.42
Item number RAN-R
100 ## - MAIN ENTRY--AUTHOR
Author Name Kumar;Ranjit
245 #0 - TITLE STATEMENT
Title Research Methodology/
Statement of responsibility, etc. Ranjit Kumar
250 ## - EDITION STATEMENT
Edition statement 2nd ed.
260 ## - PUBLICATION, DISTRIBUTION, ETC.
Place of Publication India;
Name of publisher, distributor, etc. Sage Publications;
Date of publication, distribution, etc. 2015
300 ## - PHYSICAL DESCRIPTION
Pages xix, 332 p.:
500 ## - GENERAL NOTE
General note Include index.
650 ## - SUBJECT ADDED ENTRY--TOPICAL TERM
Subject / Department Computer Science/Data Processing
300 ## - PHYSICAL DESCRIPTION
-- ill;
-- 23.3 cm.
952 ## - LOCATION AND ITEM INFORMATION (KOHA)
-- 0
-- 0
Holdings
Lost status Damaged status Collection code Permanent Location Current Location Shelving Location Date acquired Full Call Number Accession No./Barcode Date last seen item type Koha item type
    CS/IT Superior Information Resource Center (SIRC) Superior University - City Campus Superior Information Resource Center (SIRC) Superior University - City Campus Computer Science 10/19/2023 001.42 KUM-R 2015 28053 10/19/2023 BOOK BOOK

Powered by Koha